| 000 | 00322nam a22001217a 4500 | ||
|---|---|---|---|
| 040 | _c363 | ||
| 082 | _a363 DAN 2000 C090 | ||
| 100 | _aDANIEL MAXWELL | ||
| 245 | _aUrban livelihoods and food and nutrition security in greater accra, ghana | ||
| 260 |
_aPhnom Penh _bDAN _c2000 |
||
| 300 |
_a172p. _bill. _c29cm. |
||
| 942 | _cEK | ||
| 999 |
_c11114 _d11114 |
||